000 00445cam a2200169ua 4500
001 6230
008 131129n ii |||gr||||Z||||||eng
040 _cMAIN
082 _a910
245 _aText book of commercial geography
_cBy Amrit Phukan
260 _aCalcutta:
_bBani prakasan,
_c1967.
300 _ax,328p.
653 _aGeography & travel
653 _aText book of commercial geography
700 _aPhukan,Amrit,
_eAuthor.
942 _cBK
999 _c5382
_d5382